• 首页
  • 本馆介绍
  • 公告通知
  • 最新文献
  • 馆藏检索
  • 电子资源
  • 读者导购
  • 参考咨询
  • 我的图书馆
  • 登录
  • 详细信息显示
  • 放入我的书架
  • 预约/预借图书
  • 作者相关作品
  • 分类相关作品
  • 丛书相关作品
  • 出版社相关作品

书目信息

  • 表格格式
  • 工作单格式
  • 卡片格式
题名:
气候变化国家评估报告
    
 
作者: 《气候变化国家评估报告》编写委员会编著
分册:  
出版信息: 北京   科学出版社  2007
页数: 422页
开本: 29cm
丛书名:
单 册:
中图分类: P468.2
科图分类:
主题词: 气候变化--评估--报告--中国
电子资源:
ISBN: 978-7-03-016883-2
000 00915nam0 2200229 45
001 012004116527
005 20221011110235.56
009 012004116527
010    @a978-7-03-016883-2@b精装@dCNY228.00
035    @a(110020)012007007933
100    @a20070313d2007 em y0chiy0110 ea
101 0  @achi
102    @aCN@b110000
105    @aa z 000yy
200 1  @a气候变化国家评估报告@Aqi hou bian hua guo jia ping gu bao gao@f《气候变化国家评估报告》编写委员会编著@F《 qi hou bian hua guo jia ping gu bao gao》 bian xie wei yuan hui bian zhu
210    @a北京@c科学出版社@d2007
215    @a422页@c图@d29cm
330    @a本书内容包括中国气候变化的科学基础,气候变化的影响与适应对策,以及气候变化的社会经济评价三部分,共25章。全书反映了我国气候变化研究领域的重要成果,代表了国家水平和发展趋势。
606 0  @a气候变化@x评估@x报告@y中国
690    @aP468.2@v4
801  0 @aCN@b110020@c20070805
905    @dP468.2@e68@f1
    
    气候变化国家评估报告/《气候变化国家评估报告》编写委员会编著.-北京:科学出版社,2007
    422页:图;29cm
    
    
    ISBN 978-7-03-016883-2(精装):CNY228.00
    本书内容包括中国气候变化的科学基础,气候变化的影响与适应对策,以及气候变化的社会经济评价三部分,共25章。全书反映了我国气候变化研究领域的重要成果,代表了国家水平和发展趋势。
●
相关链接 在E读中查询图书 在五车中查询图书 在当当中查询图书 在豆瓣中查询图书


正题名:气候变化国家评估报告     索取号:P468.2/68         预约/预借

序号 登录号 条形码 馆藏地/架位号 状态 备注
1 0852878   208528789   第二样本阅览室/ [索取号:P468.2/68] 在馆    
唐山师范学院图书馆 欢迎您!
大连网信软件有限公司© 版权所有